Paediatric Dentistry (Record no. 20889)

MARC details
000 -LEADER
fixed length control field 00356nam a22001577a 4500
003 - CONTROL NUMBER IDENTIFIER
control field SGT
020 ## - INTERNATIONAL STANDARD BOOK NUMBER
International Standard Book Number 978-0198789277
082 ## - DEWEY DECIMAL CLASSIFICATION NUMBER
Classification number 617.632
Item number P18W
100 ## - MAIN ENTRY--PERSONAL NAME
Personal name Richard Welbury
245 ## - TITLE STATEMENT
Title Paediatric Dentistry
250 ## - EDITION STATEMENT
Edition statement 5TH
260 ## - PUBLICATION, DISTRIBUTION, ETC. (IMPRINT)
Place of publication, distribution, etc NEW DELHI
Name of publisher, distributor, etc Oxford University Press
Year of Publication 2018
300 ## - PAGE DESCRIPTION
No. of Pages 1-389
650 ## - SUBJECT ADDED ENTRY--TOPICAL TERM
Topical term or geographic name as entry element PEDODONTICS
942 ## - ADDED ENTRY ELEMENTS (KOHA)
Source of classification or shelving scheme Dewey Decimal Classification
Koha item type Books
Holdings
Withdrawn status Lost status Source of classification or shelving scheme Damaged status Not for loan Home library Current library Shelving location Date acquired Vendor Name Cost, normal purchase price SGTU Bill Number Total Checkouts Full call number Accession No. (Barcode) Date last seen Bill Date Koha item type
    Dewey Decimal Classification     SGT Dental Library SGT Dental Library Reference Book 04/03/2021 AHUJA BOOK COMPANY 2495.00 SGTU 12616   617.632 P18W FD8240 04/03/2021 27/01/2021 Books
    Dewey Decimal Classification     SGT Dental Library SGT Dental Library Reference Book 04/03/2021 AHUJA BOOK COMPANY 2495.00 SGTU 12616   617.632 P18W FD8241 04/03/2021 27/01/2021 Books